000 01199nam a22003377a 4500
003 CHAP
005 20220329141042.0
008 971013s1997 r 00010 d
010 _a61905
011 _a62877
035 _a67053
040 _cCHAP
090 _aTesis
100 0 0 _aContreras Montes, Joél.
_927517
245 _aEvaluación de dos proteínas hidrolizadas comerciales para la captura de Anastrepha obliqua M. en mango manila
260 _aChapingo, Méx. :
_bEl autor,
_c1997
300 _a63 h.
_b: ilus.
502 _aTesis (Ing. Agr. Esp. en Parasitología Agrícola) -- UACH. Departamento de Parasitología Agrícola
590 _aALEPH
_b10
_c20130110
_lUCH01
_h1344
590 _aBATCH-UPD
_b10
_c20130110
_lUCH01
_h0600
590 _aBATCH-UPD
_b10
_c20130410
_lUCH01
_h0242
590 _aBATCH-UPD
_b10
_c20130914
_lUCH01
_h0324
590 _aCONVERSION
_b10
_c20130109
_lUCH01
_h1333
650 1 4 _aAnastrepha obliqua.
_95488
650 1 4 _aMango
_xPlagas
_xControl.
_970444
650 1 4 _aProteínas hidrolizadas.
_992458
901 _aBK
942 _cFOLL
949 _bBC
_cTES
_d-152294
_eTS1
_h30922
_i67053
_si
949 _bBC
_cTES
_d33724000634895
_eTS2
_fc.2
_h30923
_i67053
_si
999 _c61905
_d61905